000
00286nam a2200133Ia 4500
100
_a
Wilcox/ A.D.
942
_c
BK
654
_a
Computer
245
_a
68000 Microcomputer Systems
260
_b
Prentice Hall
_a
New Jersey
_c
1987
082
_a
4.16
546
_a
ENGLISH
999
_c
35547
_d
35547